000 00344nam a2200133Ia 4500
008 160319s9999 xx 000 0 und d
245 4 _aThe Sound of Music /
245 _cA Rodgers & Hammerstein Organization Production.
260 _bBMG Music.
260 _c1995
300 _a1 sound disc :
300 _bdigital :
300 _c4 3/4 in.
999 _c292757
_d292757